S27 駅名クイズ - 富山地鉄 ver. - Statistics

General Stats
  • This quiz has been taken 66 times
    58 since last reset
  • The average score is 51 of 106
Answer Stats
Number Answer % Correct
T41 宇奈月温泉
100%
T01 電鉄富山
97%
T02 稲荷町
97%
T56 立山
95%
T07 越中舟橋
92%
T18 滑川
92%
T23 電鉄魚津
89%
T51 岩峅寺
89%
T61 南富山
89%
T12 上市
87%
T31 新黒部
87%
T08 寺田
84%
T24 新魚津
82%
C15 富山駅
82%
T27 電鉄黒部
79%
T59 不二越
76%
T69 上滝
76%
T17 中滑川
74%
C01 南富山駅前
74%
C39 岩瀬浜
74%
T20 早月加積
68%
C22 富山大学前
68%
T03 新庄田中
66%
T05 越中荏原
66%
T46 五百石
66%
T54 有峰口
61%
C12 電気ビル前
61%
T04 東新庄
58%
T06 越中三郷
58%
T19 浜加積
58%
C18 丸の内
58%
C08 西町
55%
C14 電鉄富山駅・エスタ前
55%
T10 相ノ木
53%
T11 新相ノ木
53%
T16 西滑川
53%
C13 地鉄ビル前
53%
T14 中加積
50%
T22 西魚津
50%
T32 舌山
50%
T40 音沢
50%
T55 本宮
50%
C21 トヨタモビリティ富山 Gスクエア五福前(五福末広町)
50%
C29 奥田中学校前
47%
C09 中町(西町北)
47%
T09 越中泉
45%
T21 越中中村
45%
C38 競輪場前
45%
T13 新宮川
42%
T47 榎町
42%
T53 千垣
42%
T67 月岡
42%
C16 新富町
42%
C20 安野屋
42%
C24 大手モール
42%
C37 東岩瀬
42%
T15 西加積
39%
T25 経田
39%
T28 東三日市
39%
T44 稚子塚
39%
T45 田添
39%
T58 栄町
39%
T62 朝菜町
39%
C11 桜橋
39%
C17 県庁前
39%
C32 越中中島
39%
T36 下立口
37%
T37 下立
37%
T48 下段
37%
C27 インテック本社前
37%
T26 電鉄石田
34%
T38 愛本
34%
T39 内山
34%
T52 横江
34%
T64 小杉
34%
T66 開発
34%
C19 諏訪川原
34%
C26 オークスカナルパークホテル富山前
34%
C31 粟島(大阪屋ショップ前)
34%
T50 沢中山
32%
C25 グランドプラザ前
32%
T30 長屋
29%
T35 浦山
29%
T49 釜ヶ淵
29%
T60 大泉
29%
T70 大川寺
29%
C03 堀川小泉
29%
C23 国際会議場前
29%
T33 若栗
26%
T34 栃屋
26%
C02 大町
26%
C06 広貫堂前
26%
C28 龍谷富山高校前(永楽町)
26%
T29 萩生
24%
T63 上堀
24%
T65 布市
24%
C04 小泉町
24%
C10 荒町
24%
C33 城川原
24%
C34 犬島新町
24%
C35 蓮町(馬場記念公園前)
24%
T68 大庄
21%
C05 西中野
18%
C07 上本町
18%
C36 荻浦小学校前
18%
C30 下奥井
16%
No matching quizzes found
Score Distribution
Percent of People with Each Score
Percentile by Number Answered
Your Score History
You have not taken this quiz since the last reset